00423nam a2200097Ia 450000500170000000800410001710000160005824502160007430000110029065000240030120260328104343.0260328s9999||||xx |||||||||||||| ||und|| aCiprian, M. 0aRemote Work Reimagined :b The Essential Guide to Boosting Productivity and Enjoying Life | Proven Strategies, Practical Tips, and Expert Advice for ... Personal growt and financial success Books /cM. Ciprian a123 p. aCOMUNICACION VISUAL